[Event "46th GRE-chT Premier 2018"]
[Site "Rio Achaia"]
[Date "2018.07.11"]
[Round "2"]
[White "Ladopoulos, Dimitrios"]
[Black "Karakatsanis, Nikolaos"]
[Result "1-0"]
[WhiteElo "2183"]
[BlackElo "1907"]
[Annotator "NA"]
[PlyCount "63"]
[EventDate "2018.07.10"]
[EventType "team-tourn"]
[EventCountry "GRE"]
[SourceTitle "playchess.com"]
[Source "ChessBase"]
[SourceQuality "1"]
[TimeControl "40/5400+30:1800+30"]

1. e4 {[%emt 0:00:00]} e5 {[%emt 0:08:08]} 2. Nf3 {[%emt 0:00:12]} Nf6 {[%emt 0:00:05]} 3. d4 {[%emt 0:05:11]} Nxe4 {[%emt 0:00:07]} 4. Bd3 {[%emt 0:00:10]} d5 {[%emt 0:00:06]} 5. dxe5 {[%emt 0:01:27]} Nc5 {[%emt 0:00:05]} 6. Be2 {[%emt 0:00:29]} Ne6 {[%emt 0:04:23]} 7. O-O {[%emt 0:02:49]} g6 {[%emt 0:01:00]} 8. Be3 {[%emt 0:12:37]} Bg7 {[%emt 0:01:18]} 9. Qd2 {[%emt 0:01:32]} h6 {[%emt 0:05:31]} 10. Rd1 {[%emt 0:04:55]} c6 {[%emt 0:00:13]} 11. c4 {[%emt 0:06:22]} dxc4 {[%emt 0:00:09]} 12. Qc3 {[%emt 0:05:39]} Qe7 {[%emt 0:00:32]} 13. Bxc4 {[%emt 0:02:29]} Nd7 {[%emt 0:10:48]} 14. Nbd2 {[%emt 0:03:48]} Ng5 {[%emt 0:00:09]} 15. Nxg5 {[%emt 0:13:18]} hxg5 {[%emt 0:00:06]} 16. Nf3 {[%emt 0:00:38]} Bxe5 {[%emt 0:04:09]} 17. Rxd7 {[%emt 0:02:28]} Bxc3 {[%emt 0:03:36]} 18. Rxe7+ {[%emt 0:00:05]} Kxe7 {[%emt 0:00:04]} 19. bxc3 {[%emt 0:00:25]} Re8 {[%emt 0:07:09]} 20. Bc5+ {[%emt 0:05:25]} Kf6 {[%emt 0:00:06]} 21. Bd4+ {[%emt 0:00:13]} Ke7 {[%emt 0:00:05]} 22. Nxg5 {[%emt 0:01:54]} Be6 {[%emt 0:00:37]} 23. Re1 {[%emt 0:00:12]} Kd7 {[%emt 0:01:43]} 24. Bxe6+ {[%emt 0:05:57]} fxe6 {[%emt 0:00:06]} 25. Ne4 {[%emt 0:00:16]} Re7 {[%emt 0:02:29]} 26. Bc5 {[%emt 0:00:27]} Rf7 {[%emt 0:04:41]} 27. Nd6 {[%emt 0:00:36]} Rf4 {[%emt 0:03:16]} 28. Nxb7 {[%emt 0:00:53]} Rc4 {[%emt 0:00:43]} 29. Bb4 {[%emt 0:00:39]} Re8 {[%emt 0:01:34]} 30. Rd1+ {[%emt 0:00:24]} Kc7 {[%emt 0:00:08]} 31. Nd6 {[%emt 0:00:06]} Rd8 {[%emt 0:00:07]} 32. Ba5+ {[%emt 0:00:03]} 1-0

[Event "46th GRE-chT Premier 2018"]
[Site "Rio Achaia"]
[Date "2018.07.11"]
[Round "2"]
[White "Kazantzidis, Ilias"]
[Black "Skembris, Spyridon"]
[Result "1/2-1/2"]
[WhiteElo "2182"]
[BlackElo "2393"]
[Annotator "NA"]
[PlyCount "100"]
[EventDate "2018.07.10"]
[EventType "team-tourn"]
[EventCountry "GRE"]
[SourceTitle "playchess.com"]
[Source "ChessBase"]
[SourceQuality "1"]
[TimeControl "40/5400+30:1800+30"]

1. d4 {[%emt 0:06:10]} Nf6 {[%emt 0:00:00]} 2. Nf3 {[%emt 0:00:13]} c5 {[%emt 0:00:06]} 3. e3 {[%emt 0:00:07]} g6 {[%emt 0:00:25]} 4. Be2 {[%emt 0:00:05]} Bg7 {[%emt 0:01:35]} 5. O-O {[%emt 0:00:35]} O-O {[%emt 0:01:01]} 6. c4 {[%emt 0:00:23]} cxd4 {[%emt 0:00:18]} 7. exd4 {[%emt 0:02:36]} d5 {[%emt 0:00:09]} 8. c5 {[%emt 0:07:46]} b6 {[%emt 0:01:20]} 9. cxb6 {[%emt 0:01:56]} Qxb6 {[%emt 0:00:56]} 10. Nc3 {[%emt 0:00:45]} Bg4 {[%emt 0:07:19]} 11. Na4 {[%emt 0:07:05]} Qd6 {[%emt 0:00:31]} 12. g3 {[%emt 0:06:38]} Bxf3 {[%emt 0:02:11]} 13. Bxf3 {[%emt 0:01:01]} Nc6 {[%emt 0:00:16]} 14. Nc5 {[%emt 0:25:17]} e6 {[%emt 0:03:56]} 15. Bf4 {[%emt 0:09:49]} Qe7 {[%emt 0:00:14]} 16. Be3 {[%emt 0:09:58]} Rac8 {[%emt 0:12:53]} 17. Rc1 {[%emt 0:01:33]} Nd7 {[%emt 0:03:01]} 18. Nb3 {[%emt 0:07:24]} Nb6 {[%emt 0:00:40]} 19. Be2 {[%emt 0:00:54]} Nb8 {[%emt 0:03:38]} 20. Nc5 {[%emt 0:01:25]} Rfd8 {[%emt 0:01:47]} 21. b4 {[%emt 0:01:44]} Nc6 {[%emt 0:04:17]} 22. a3 {[%emt 0:03:34]} e5 {[%emt 0:20:54]} 23. Ba6 {[%emt 0:01:09]} Rc7 {[%emt 0:00:29]} 24. Re1 {[%emt 0:01:21]} Nb8 {[%emt 0:05:38]} 25. Bf1 {[%emt 0:02:18]} e4 {[%emt 0:02:38]} 26. a4 {[%emt 0:00:38]} Nc6 {[%emt 0:01:29]} 27. a5 {[%emt 0:00:22]} Nc4 {[%emt 0:00:54]} 28. Bxc4 {[%emt 0:00:32]} dxc4 {[%emt 0:00:13]} 29. Rxc4 {[%emt 0:00:25]} Ne5 {[%emt 0:00:10]} 30. Bf4 {[%emt 0:00:45]} Nxc4 {[%emt 0:00:33]} 31. Rxe4 {[%emt 0:00:26]} Ne5 {[%emt 0:06:38]} 32. Qe2 {[%emt 0:00:17]} f5 {[%emt 0:02:26]} 33. Re3 {[%emt 0:00:35]} Rxd4 {[%emt 0:07:11]} 34. Bxe5 {[%emt 0:00:12]} Bxe5 {[%emt 0:01:11]} 35. Rxe5 {[%emt 0:00:01]} Qd6 {[%emt 0:00:40]} 36. Re8+ {[%emt 0:01:16]} Kf7 {[%emt 0:00:26]} 37. Rh8 {[%emt 0:00:27]} Kg7 {[%emt 0:02:31]} 38. Qe8 {[%emt 0:00:42]} Kh6 {[%emt 0:02:19]} 39. Qe3+ {[%emt 0:00:32]} f4 {[%emt 0:00:58]} 40. gxf4 {[%emt 0:00:00]} Qxf4 {[%emt 0:00:00]} 41. Qh3+ {[%emt 0:12:15]} Qh4 {[%emt 0:05:22]} 42. Qe3+ {[%emt 0:00:30]} Rf4 {[%emt 0:20:03]} 43. Ne6 {[%emt 0:01:29]} Qg4+ {[%emt 0:00:08]} 44. Kf1 {[%emt 0:09:34]} g5 {[%emt 0:05:11]} 45. Nxc7 {[%emt 0:05:07]} Qd1+ {[%emt 0:00:44]} 46. Kg2 {[%emt 0:04:28]} Rg4+ {[%emt 0:00:39]} 47. Kh3 {[%emt 0:00:05]} Rh4+ {[%emt 0:02:20]} 48. Kg2 {[%emt 0:00:05]} Rg4+ {[%emt 0:03:20]} 49. Kh3 {[%emt 0:00:02]} Rh4+ {[%emt 0:00:49]} 50. Kg2 {[%emt 0:00:05]} Rg4+ 1/2-1/2

[Event "46th GRE-chT Premier 2018"]
[Site "Rio Achaia"]
[Date "2018.07.11"]
[Round "2"]
[White "Dorfanis, Ilarion"]
[Black "Fragkos, Vasilios"]
[Result "1-0"]
[WhiteElo "2179"]
[BlackElo "2066"]
[Annotator "NA"]
[PlyCount "73"]
[EventDate "2018.07.10"]
[EventType "team-tourn"]
[EventCountry "GRE"]
[SourceTitle "playchess.com"]
[Source "ChessBase"]
[SourceQuality "1"]
[TimeControl "40/5400+30:1800+30"]

1. Nf3 {[%emt 0:00:27]} Nf6 {[%emt 0:00:00]} 2. c4 {[%emt 0:00:57]} e6 {[%emt 0:00:00]} 3. d4 {[%emt 0:00:59]} c5 {[%emt 0:00:18]} 4. d5 {[%emt 0:01:01]} exd5 {[%emt 0:00:04]} 5. cxd5 {[%emt 0:00:05]} d6 {[%emt 0:00:05]} 6. Nc3 {[%emt 0:00:19]} g6 {[%emt 0:00:22]} 7. Bf4 {[%emt 0:00:37]} a6 {[%emt 0:07:51]} 8. a4 {[%emt 0:01:36]} Bg7 {[%emt 0:01:32]} 9. h3 {[%emt 0:10:32]} O-O 10. e3 {[%emt 0:03:36]} Qe7 {[%emt 0:09:28]} 11. Nd2 {[%emt 0:03:20]} Nbd7 {[%emt 0:07:30]} 12. Nc4 {[%emt 0:08:05]} Ne8 {[%emt 0:00:53]} 13. Qb3 {[%emt 0:05:33]} f5 {[%emt 0:09:23]} 14. Be2 {[%emt 0:04:43]} Ne5 {[%emt 0:02:19]} 15. Nb6 {[%emt 0:01:41]} Rb8 {[%emt 0:00:10]} 16. O-O {[%emt 0:07:21]} g5 {[%emt 0:13:59]} 17. Bxe5 {[%emt 0:00:12]} Bxe5 {[%emt 0:01:08]} 18. a5 {[%emt 0:01:26]} g4 {[%emt 0:13:46]} 19. Nxc8 {[%emt 0:11:32]} Rxc8 {[%emt 0:00:07]} 20. Ra4 {[%emt 0:04:00]} gxh3 {[%emt 0:05:52]} 21. g3 {[%emt 0:02:13]} Qg7 {[%emt 0:14:57]} 22. Kh2 {[%emt 0:00:23]} c4 {[%emt 0:03:26]} 23. Rxc4 {[%emt 0:01:01]} Rxc4 {[%emt 0:00:04]} 24. Qxc4 {[%emt 0:00:35]} f4 {[%emt 0:00:04]} 25. exf4 {[%emt 0:04:53]} Rxf4 {[%emt 0:03:04]} 26. Qd3 {[%emt 0:03:27]} Nf6 {[%emt 0:04:03]} 27. Kxh3 {[%emt 0:01:15]} Rb4 {[%emt 0:01:19]} 28. f4 {[%emt 0:04:26]} Bd4 {[%emt 0:01:21]} 29. Rc1 {[%emt 0:10:47]} Bc5 {[%emt 0:00:14]} 30. Rc2 {[%emt 0:03:40]} Qd7+ {[%emt 0:00:21]} 31. Kg2 {[%emt 0:00:40]} Ng4 {[%emt 0:01:06]} 32. Bxg4 {[%emt 0:00:31]} Qxg4 33. Ne4 {[%emt 0:00:36]} Qg7 {[%emt 0:00:28]} 34. Nxc5 {[%emt 0:01:14]} dxc5 {[%emt 0:00:01]} 35. Rxc5 Rxb2+ {[%emt 0:01:31]} 36. Kf3 {[%emt 0:01:34]} Qd7 {[%emt 0:00:34]} 37. Qc3 {[%emt 0:01:04]} 1-0

[Event "46th GRE-chT Premier 2018"]
[Site "Rio Achaia"]
[Date "2018.07.11"]
[Round "2"]
[White "Beliotis, Georgios"]
[Black "Loutragotis, Dimitrios"]
[Result "0-1"]
[WhiteElo "2175"]
[BlackElo "2173"]
[Annotator "NA"]
[PlyCount "60"]
[EventDate "2018.07.10"]
[EventType "team-tourn"]
[EventCountry "GRE"]
[SourceTitle "playchess.com"]
[Source "ChessBase"]
[SourceQuality "1"]
[TimeControl "40/5400+30:1800+30"]

1. Nf3 {[%emt 0:00:16]} Nf6 {[%emt 0:00:00]} 2. g3 {[%emt 0:00:05]} g6 {[%emt 0:00:00]} 3. b3 {[%emt 0:00:05]} Bg7 {[%emt 0:00:00]} 4. Bb2 {[%emt 0:00:05]} O-O {[%emt 0:00:01]} 5. Bg2 {[%emt 0:00:05]} d6 {[%emt 0:00:07]} 6. d4 {[%emt 0:00:05]} c6 {[%emt 0:00:19]} 7. O-O {[%emt 0:00:09]} a5 {[%emt 0:00:18]} 8. c4 {[%emt 0:00:39]} Bf5 {[%emt 0:01:15]} 9. Nc3 {[%emt 0:01:49]} Ne4 {[%emt 0:01:46]} 10. Nh4 {[%emt 0:01:58]} Nxc3 {[%emt 0:00:09]} 11. Bxc3 {[%emt 0:00:02]} Be6 {[%emt 0:01:23]} 12. Rc1 {[%emt 0:04:28]} d5 {[%emt 0:03:39]} 13. Ba1 {[%emt 0:06:41]} a4 {[%emt 0:03:45]} 14. e4 {[%emt 0:01:46]} axb3 {[%emt 0:03:58]} 15. exd5 {[%emt 0:12:52]} b2 {[%emt 0:01:35]} 16. Bxb2 {[%emt 0:01:37]} cxd5 {[%emt 0:00:07]} 17. Re1 {[%emt 0:11:26]} Nc6 {[%emt 0:03:54]} 18. Bc3 {[%emt 0:10:09]} Qd7 {[%emt 0:02:38]} 19. Rb1 {[%emt 0:12:03]} Rfd8 {[%emt 0:03:18]} 20. Rb5 {[%emt 0:06:36]} dxc4 {[%emt 0:01:35]} 21. Qb1 {[%emt 0:01:08]} Nxd4 {[%emt 0:04:07]} 22. Rxb7 {[%emt 0:00:46]} Qa4 {[%emt 0:00:40]} 23. Bxd4 {[%emt 0:05:57]} Bxd4 {[%emt 0:00:19]} 24. Nf3 {[%emt 0:00:55]} Bf6 {[%emt 0:00:56]} 25. Rb6 {[%emt 0:04:52]} c3 {[%emt 0:01:52]} 26. Rbxe6 {[%emt 0:02:54]} fxe6 {[%emt 0:00:23]} 27. Bh3 {[%emt 0:00:30]} c2 {[%emt 0:00:25]} 28. Bxe6+ {[%emt 0:01:47]} Kg7 {[%emt 0:00:07]} 29. Qb3 {[%emt 0:03:07]} Rd1 {[%emt 0:00:18]} 30. Bg8 {[%emt 0:01:08]} Qxb3 {[%emt 0:00:17]} 0-1

[Event "46th GRE-chT Premier 2018"]
[Site "Rio Achaia"]
[Date "2018.07.11"]
[Round "2"]
[White "Tsaknakis, Zisis"]
[Black "Giatrakos, Orestis"]
[Result "1-0"]
[WhiteElo "2170"]
[BlackElo "1860"]
[Annotator "NA"]
[PlyCount "135"]
[EventDate "2018.07.10"]
[EventType "team-tourn"]
[EventCountry "GRE"]
[SourceTitle "playchess.com"]
[Source "ChessBase"]
[SourceQuality "1"]
[TimeControl "40/5400+30:1800+30"]

1. Nf3 {[%emt 0:02:21]} c6 {[%emt 0:01:04]} 2. b3 {[%emt 0:03:37]} d5 {[%emt 0:01:16]} 3. Bb2 {[%emt 0:00:52]} Nf6 {[%emt 0:00:51]} 4. g3 {[%emt 0:00:16]} Bg4 {[%emt 0:00:58]} 5. Bg2 {[%emt 0:00:06]} Nbd7 {[%emt 0:00:12]} 6. O-O {[%emt 0:00:47]} Bxf3 {[%emt 0:00:37]} 7. exf3 {[%emt 0:01:53]} e6 {[%emt 0:00:21]} 8. d3 {[%emt 0:00:14]} Be7 {[%emt 0:00:24]} 9. Nd2 {[%emt 0:00:12]} O-O {[%emt 0:00:07]} 10. f4 {[%emt 0:00:12]} a5 {[%emt 0:08:29]} 11. a3 {[%emt 0:04:41]} Re8 {[%emt 0:00:19]} 12. Nf3 {[%emt 0:01:16]} Qc7 {[%emt 0:01:24]} 13. Qe2 {[%emt 0:04:50]} Rac8 {[%emt 0:06:40]} 14. c4 {[%emt 0:16:47]} c5 {[%emt 0:03:23]} 15. a4 {[%emt 0:04:22]} d4 {[%emt 0:00:49]} 16. Rae1 {[%emt 0:00:28]} Qb6 {[%emt 0:09:35]} 17. Qc2 {[%emt 0:00:10]} Bd6 {[%emt 0:00:11]} 18. Ne5 {[%emt 0:00:05]} Bxe5 {[%emt 0:00:50]} 19. fxe5 {[%emt 0:00:07]} Ng4 {[%emt 0:00:05]} 20. Bh3 {[%emt 0:17:10]} Ngxe5 {[%emt 0:01:01]} 21. f4 {[%emt 0:00:10]} Ng6 {[%emt 0:05:16]} 22. f5 {[%emt 0:04:53]} exf5 {[%emt 0:00:13]} 23. Bxf5 {[%emt 0:00:07]} Qd6 {[%emt 0:04:28]} 24. Qg2 {[%emt 0:06:02]} b6 {[%emt 0:02:47]} 25. Bc1 {[%emt 0:05:22]} Rcd8 {[%emt 0:04:14]} 26. Be4 {[%emt 0:09:35]} f6 {[%emt 0:06:06]} 27. h4 {[%emt 0:02:54]} Rxe4 {[%emt 0:06:22]} 28. Rxe4 {[%emt 0:00:32]} Nge5 {[%emt 0:02:50]} 29. Bf4 {[%emt 0:00:42]} Qc6 {[%emt 0:00:52]} 30. g4 {[%emt 0:01:21]} Kh8 {[%emt 0:04:07]} 31. Rfe1 {[%emt 0:01:24]} Rg8 {[%emt 0:00:46]} 32. Bxe5 {[%emt 0:04:48]} Nxe5 {[%emt 0:00:33]} 33. Rxe5 {[%emt 0:00:47]} Qxg2+ {[%emt 0:00:08]} 34. Kxg2 {[%emt 0:00:03]} fxe5 {[%emt 0:00:02]} 35. Rxe5 {[%emt 0:00:06]} Rb8 {[%emt 0:02:26]} 36. Kf3 {[%emt 0:03:32]} Kg8 {[%emt 0:00:07]} 37. Ke4 {[%emt 0:01:33]} Rd8 {[%emt 0:00:16]} 38. Re6 {[%emt 0:00:04]} Kf7 {[%emt 0:00:38]} 39. Rxb6 {[%emt 0:00:41]} Re8+ {[%emt 0:00:03]} 40. Kd5 {[%emt 0:00:00]} Re3 {[%emt 0:00:00]} 41. Kxc5 {[%emt 0:04:15]} Rxd3 {[%emt 0:00:12]} 42. Rd6 {[%emt 0:12:54]} Rxb3 {[%emt 0:00:50]} 43. Rxd4 {[%emt 0:00:22]} Rb4 {[%emt 0:00:46]} 44. Rd7+ {[%emt 0:01:58]} Kf6 {[%emt 0:00:27]} 45. Kd5 {[%emt 0:05:35]} Rxa4 {[%emt 0:00:54]} 46. c5 {[%emt 0:01:28]} Ra1 {[%emt 0:00:13]} 47. g5+ {[%emt 0:02:24]} Kg6 {[%emt 0:00:28]} 48. c6 {[%emt 0:00:31]} Rd1+ {[%emt 0:00:06]} 49. Ke6 {[%emt 0:00:18]} Rc1 {[%emt 0:00:08]} 50. Kd6 {[%emt 0:01:35]} a4 {[%emt 0:00:06]} 51. Ra7 {[%emt 0:00:11]} Rd1+ {[%emt 0:00:23]} 52. Ke6 {[%emt 0:01:37]} Re1+ {[%emt 0:01:34]} 53. Kd7 {[%emt 0:03:00]} Rd1+ {[%emt 0:00:05]} 54. Ke7 {[%emt 0:00:35]} Rc1 {[%emt 0:00:57]} 55. c7 {[%emt 0:02:05]} Kh5 {[%emt 0:03:01]} 56. Kd8 {[%emt 0:00:08]} Rd1+ {[%emt 0:01:25]} 57. Ke8 {[%emt 0:00:14]} Rc1 {[%emt 0:01:03]} 58. Kd8 {[%emt 0:00:04]} Rd1+ {[%emt 0:00:05]} 59. Kc8 {[%emt 0:00:02]} Kxh4 {[%emt 0:01:12]} 60. Kb8 {[%emt 0:00:05]} Rb1+ {[%emt 0:00:38]} 61. Rb7 {[%emt 0:00:37]} Rc1 {[%emt 0:00:37]} 62. c8=Q {[%emt 0:00:08]} Rxc8+ {[%emt 0:00:00]} 63. Kxc8 {[%emt 0:00:08]} g6 {[%emt 0:00:37]} 64. Rxh7+ {[%emt 0:00:30]} Kxg5 {[%emt 0:00:03]} 65. Kd7 {[%emt 0:00:15]} Kg4 {[%emt 0:00:23]} 66. Ke6 {[%emt 0:00:52]} g5 {[%emt 0:00:09]} 67. Ke5 {[%emt 0:01:53]} Kf3 {[%emt 0:00:10]} 68. Rf7+ {[%emt 0:00:21] Ke4+} 1-0

[Event "46th GRE-chT Premier 2018"]
[Site "Rio Achaia"]
[Date "2018.07.11"]
[Round "2"]
[White "Panagiotakopoulos, Gerasimos"]
[Black "Tsekouras, Theodoros"]
[Result "1-0"]
[WhiteElo "2165"]
[BlackElo "2210"]
[Annotator "NA"]
[PlyCount "82"]
[EventDate "2018.07.10"]
[EventType "team-tourn"]
[EventCountry "GRE"]
[SourceTitle "playchess.com"]
[Source "ChessBase"]
[SourceQuality "1"]
[TimeControl "40/5400+30:1800+30"]

1. e4 {[%emt 0:00:00]} c5 {[%emt 0:00:00]} 2. Nf3 {[%emt 0:00:00]} d6 {[%emt 0:00:00]} 3. d4 {[%emt 0:00:00]} cxd4 {[%emt 0:00:00]} 4. Qxd4 {[%emt 0:00:01]} e5 {[%emt 0:00:51]} 5. Bb5+ {[%emt 0:01:09]} Nd7 {[%emt 0:00:20]} 6. Qd3 {[%emt 0:05:34]} a6 {[%emt 0:01:05]} 7. Bxd7+ {[%emt 0:01:07]} Bxd7 {[%emt 0:00:25]} 8. a4 {[%emt 0:02:03]} h6 {[%emt 0:02:54]} 9. a5 {[%emt 0:04:00]} Nf6 {[%emt 0:04:40]} 10. O-O {[%emt 0:01:25]} Be7 {[%emt 0:02:55]} 11. c4 {[%emt 0:04:24]} O-O {[%emt 0:15:57]} 12. Be3 {[%emt 0:01:32]} d5 {[%emt 0:06:47]} 13. Nxe5 {[%emt 0:20:50]} dxe4 {[%emt 0:13:57]} 14. Qb3 {[%emt 0:04:03]} Bd6 {[%emt 0:07:21]} 15. Nxd7 {[%emt 0:01:28]} Qxd7 {[%emt 0:00:05]} 16. Rd1 {[%emt 0:02:48]} Qe7 {[%emt 0:01:05]} 17. Nd2 {[%emt 0:06:49]} Ng4 {[%emt 0:13:03]} 18. Nf1 {[%emt 0:00:44]} Rac8 {[%emt 0:03:20]} 19. Rd5 {[%emt 0:04:24]} Qc7 {[%emt 0:03:27]} 20. Bb6 {[%emt 0:07:07]} Qc6 {[%emt 0:04:12]} 21. Rad1 {[%emt 0:01:24]} Bb8 {[%emt 0:00:38]} 22. h3 {[%emt 0:07:39]} Nf6 {[%emt 0:00:39]} 23. Rc5 {[%emt 0:01:38]} Qe6 {[%emt 0:02:36]} 24. Rxc8 {[%emt 0:01:05]} Rxc8 {[%emt 0:02:26]} 25. Ne3 {[%emt 0:00:17]} Kh7 {[%emt 0:04:25]} 26. Qb4 {[%emt 0:01:31]} Bf4 {[%emt 0:02:44]} 27. b3 {[%emt 0:00:23]} Rc6 {[%emt 0:04:04]} 28. Kf1 {[%emt 0:05:50]} Rd6 {[%emt 0:01:47]} 29. Rxd6 {[%emt 0:00:14]} Bxd6 {[%emt 0:00:03]} 30. Qd2 {[%emt 0:00:10]} Bf4 {[%emt 0:00:22]} 31. Qd8 {[%emt 0:01:44]} Bxe3 {[%emt 0:02:13]} 32. Bxe3 {[%emt 0:00:02]} Qd7 {[%emt 0:01:04]} 33. Qxd7 {[%emt 0:05:09]} Nxd7 {[%emt 0:00:01]} 34. Bd4 {[%emt 0:00:08]} f5 {[%emt 0:00:31]} 35. f3 {[%emt 0:00:12]} exf3 {[%emt 0:00:29]} 36. gxf3 {[%emt 0:00:00]} g5 {[%emt 0:00:32]} 37. b4 {[%emt 0:02:21]} Kg6 {[%emt 0:00:27]} 38. b5 {[%emt 0:00:36]} Kf7 {[%emt 0:00:53]} 39. c5 {[%emt 0:01:08]} Nf8 {[%emt 0:00:39]} 40. c6 {[%emt 0:00:00]} bxc6 {[%emt 0:00:00]} 41. bxa6 {[%emt 0:00:56]} Ne6 {[%emt 0:02:15]} 1-0

[Event "46th GRE-chT Premier 2018"]
[Site "Rio Achaia"]
[Date "2018.07.11"]
[Round "2"]
[White "Vragoteris, Antonios"]
[Black "Pantazopoulos, Stavros"]
[Result "1/2-1/2"]
[WhiteElo "2160"]
[BlackElo "2153"]
[Annotator "NA"]
[PlyCount "63"]
[EventDate "2018.07.10"]
[EventType "team-tourn"]
[EventCountry "GRE"]
[SourceTitle "playchess.com"]
[Source "ChessBase"]
[SourceQuality "1"]
[TimeControl "40/5400+30:1800+30"]

1. e4 {[%emt 0:05:32]} c6 {[%emt 0:00:00]} 2. c4 {[%emt 0:02:46]} d5 {[%emt 0:00:00]} 3. cxd5 {[%emt 0:00:18]} cxd5 {[%emt 0:00:00]} 4. exd5 {[%emt 0:00:11]} Nf6 {[%emt 0:00:00]} 5. Nc3 {[%emt 0:00:25]} Nxd5 {[%emt 0:00:03]} 6. Nf3 {[%emt 0:00:38]} Nc6 {[%emt 0:00:20]} 7. Bb5 {[%emt 0:00:52]} e6 {[%emt 0:00:21]} 8. O-O {[%emt 0:01:41]} Be7 {[%emt 0:00:17]} 9. d4 {[%emt 0:00:12]} O-O {[%emt 0:00:13]} 10. Bd3 {[%emt 0:04:28]} Nf6 {[%emt 0:05:49]} 11. a3 {[%emt 0:00:37]} Qb6 {[%emt 0:12:52]} 12. Be3 {[%emt 0:21:18]} Nd5 {[%emt 0:02:52]} 13. Qe2 {[%emt 0:02:34]} Bd7 {[%emt 0:13:40]} 14. Rac1 {[%emt 0:24:47]} Rad8 {[%emt 0:16:14]} 15. b4 {[%emt 0:06:52]} a6 {[%emt 0:05:03]} 16. Na4 {[%emt 0:07:11]} Qc7 {[%emt 0:09:12]} 17. Nc5 {[%emt 0:05:03]} Bc8 {[%emt 0:01:49]} 18. Qc2 {[%emt 0:01:22]} Bxc5 {[%emt 0:11:12]} 19. Qxc5 {[%emt 0:00:35]} Qe7 {[%emt 0:08:18]} 20. Qc2 {[%emt 0:01:48]} h6 {[%emt 0:00:23]} 21. Bc4 {[%emt 0:05:18]} Qf6 {[%emt 0:01:43]} 22. Qe4 {[%emt 0:01:19]} Qe7 {[%emt 0:03:58]} 23. Ne5 {[%emt 0:02:10]} Nxe5 {[%emt 0:02:03]} 24. dxe5 {[%emt 0:00:10]} Nxe3 {[%emt 0:00:16]} 25. Qxe3 {[%emt 0:01:35]} b5 {[%emt 0:00:45]} 26. Bd3 {[%emt 0:01:06]} Bb7 {[%emt 0:00:56]} 27. Be4 {[%emt 0:00:35]} Bxe4 {[%emt 0:00:23]} 28. Qxe4 {[%emt 0:00:02]} Rd5 {[%emt 0:00:29]} 29. Rfd1 {[%emt 0:00:28]} Rxd1+ {[%emt 0:01:11]} 30. Rxd1 {[%emt 0:00:02]} Rd8 {[%emt 0:00:13]} 31. Rxd8+ {[%emt 0:01:01]} Qxd8 {[%emt 0:00:06]} 32. g3 {[%emt 0:00:13]} 1/2-1/2

[Event "46th GRE-chT Premier 2018"]
[Site "Rio Achaia"]
[Date "2018.07.11"]
[Round "2"]
[White "Markantonaki, Haritomeni"]
[Black "Makropoulou, Marina"]
[Result "1-0"]
[WhiteElo "2152"]
[BlackElo "2135"]
[Annotator "NA"]
[PlyCount "63"]
[EventDate "2018.07.10"]
[EventType "team-tourn"]
[EventCountry "GRE"]
[SourceTitle "playchess.com"]
[Source "ChessBase"]
[SourceQuality "1"]
[TimeControl "40/5400+30:1800+30"]

1. e4 {[%emt 0:00:00]} e5 {[%emt 0:00:00]} 2. Nf3 {[%emt 0:00:00]} Nf6 {[%emt 0:00:00]} 3. Nxe5 {[%emt 0:00:24]} Qe7 {[%emt 0:00:00]} 4. Nf3 {[%emt 0:02:40]} Qxe4+ {[%emt 0:00:29]} 5. Be2 {[%emt 0:00:13]} Bb4 {[%emt 0:00:18]} 6. c3 {[%emt 0:04:47]} Be7 {[%emt 0:04:13]} 7. O-O {[%emt 0:02:56]} O-O {[%emt 0:00:09]} 8. c4 {[%emt 0:01:41]} d5 {[%emt 0:08:45]} 9. Nc3 {[%emt 0:02:46]} Qf5 {[%emt 0:02:06]} 10. Re1 {[%emt 0:07:33]} c6 {[%emt 0:10:25]} 11. d4 {[%emt 0:02:41]} dxc4 {[%emt 0:06:07]} 12. Bxc4 {[%emt 0:00:15]} Bd6 {[%emt 0:00:34]} 13. Ne5 {[%emt 0:05:43]} Ng4 {[%emt 0:12:25]} 14. f4 {[%emt 0:04:28]} Nxe5 {[%emt 0:11:15]} 15. fxe5 {[%emt 0:03:55]} Bc7 {[%emt 0:00:06]} 16. h3 {[%emt 0:09:55]} Qg6 {[%emt 0:01:05]} 17. Qf3 {[%emt 0:00:50]} Bb6 {[%emt 0:05:34]} 18. Bd3 {[%emt 0:05:21]} Bxd4+ {[%emt 0:02:26]} 19. Kh1 {[%emt 0:01:23]} f5 {[%emt 0:00:33]} 20. exf6 {[%emt 0:10:22]} Qxf6 {[%emt 0:00:18]} 21. Qh5 {[%emt 0:02:19]} g6 {[%emt 0:07:11]} 22. Qe2 {[%emt 0:02:34]} Qf2 {[%emt 0:09:46]} 23. Bc4+ {[%emt 0:01:51]} Kh8 {[%emt 0:01:20]} 24. Bh6 {[%emt 0:08:16]} Qxe2 {[%emt 0:02:06]} 25. Rxe2 {[%emt 0:00:03]} Bg7 {[%emt 0:00:20]} 26. Bxg7+ {[%emt 0:00:38]} Kxg7 {[%emt 0:00:01]} 27. Re7+ {[%emt 0:00:12]} Kh6 {[%emt 0:01:07]} 28. g4 {[%emt 0:02:45]} Nd7 {[%emt 0:13:15]} 29. Ne4 {[%emt 0:02:15]} g5 {[%emt 0:02:03]} 30. Rd1 {[%emt 0:01:03]} Nf6 {[%emt 0:00:27]} 31. Rd6 {[%emt 0:00:13]} Kg6 {[%emt 0:00:09]} 32. Nxf6 {[%emt 0:00:19]} 1-0